"Őrségváltás" a Tanítókórusban (I)

Bibliographic Details
Main Authors: Horváth, Géza, 1951- (Author, Interviewer), Józsa, Mónika, 1959- (Author), Tóth, Árpád (Author)
Format: Article
Language:Hungarian
PhysicalDescription:Fotogr.
ISSN:1335-6631
Subjects:

MARC

LEADER 00000nab a2200000 ar4500
001 vtls008984231
003 SK-MaSNL
005 20260318132559.0
008 070413c2007 xo |||||||| 000 b|hun
015 |a SNBRB2007/04  |2 snkbucl 
038 |a SNKBUCL 
040 |a DSZK  |b slo  |c DSZK  |e AACR2 
041 0 |a hun 
044 |a xo  |c SK 
080 |a 78.087.684  |x (=511.141)  |x (437.6)  |2 1997 
100 1 |a Horváth, Géza,  |d 1951-   |4 ivr  |4 aut  |9 88332 
245 1 0 |a "Őrségváltás" a Tanítókórusban  |n (I)  |c Horváth Géza, Józsa Mónika, Tóth Árpád 
300 |b Fotogr. 
610 2 7 |a Spevácky zbor maďarských učiteľov na Slovensku Vass Lajos  |2 snkbucl  |9 232176 
655 7 |a rozhovory  |2 snkbucl  |9 31831 
700 1 |a Józsa, Mónika,  |d 1959-  |4 ive  |4 aut  |9 119788 
700 1 |a Tóth, Árpád  |4 ive  |4 aut  |9 353386 
773 0 |t Szabad újság  |g Évf. XV, sz. 14 (2007), o. 10  |x 1335-6631 
852 |a SNK  |b KIS3GCP 
852 |a DSZK  |b KIS3GCP 
958 |a HU 
958 |a SK 
999 |c 2136281  |d 2138211